REFLEXIONS SUR L'HISTOIRE D'AUJOURD'HUI : ENTRE LA PEUR ET L'ESPOIR /

محفوظ في:
التفاصيل البيبلوغرافية
المؤلف الرئيسي: Mende, Tibor (autor)
التنسيق: كتاب
سلاسل:POLITIQUE ; 13
الموضوعات:
الوسوم: إضافة وسم
لا توجد وسوم, كن أول من يضع وسما على هذه التسجيلة!

MARC

LEADER 00000nam^a2200000^a^4500
001 000238100
005 20250521000000.0
009 20260310105001.914
035 |a 061221 
037 |a Acervo Xavier Clavigero 
082 |a 327. 1  |b MEN 
100 |a Mende, Tibor  |e (autor) 
245 1 0 |a REFLEXIONS SUR L'HISTOIRE D'AUJOURD'HUI :  |b ENTRE LA PEUR ET L'ESPOIR /  |c TIBOR MENDE 
264 |a FRANCE :  |b DU SEUIL,  |c 1958 
300 |a 255 p. 
336 |a texto  |b txt  |2 rdacontenido 
337 |a sin mediación  |b n  |2 rdamedio 
338 |a volumen  |b nc  |2 rdasoporte 
440 |a POLITIQUE ;  |v 13 
649 |a XX 
650 |a POLITICA MUNDIAL. 
650 |a Relaciones Internacionales 
910 |a Fondo General 
920 |a Impresos - Libros 
930 |a Colección General 
905 |a 101 
901 |a 061221  |b IT1  |c ACC  |i 061221  |u 20250521 
902 |a https://opac.biblio.iteso.mx/vufind/Record/000238100